000 00563nam a22001577a 4500
005 20120505120524.0
020 _a8175101873
_c495.00
035 _aB-158202
037 _aDPL
_bENG
100 _aPrasad, A.R.
_946467
245 _aA study on the theory of production /
_cby A.R. Prasad
260 _aNew Delhi
_bReliance Publishing House
_c2005
300 _axxix, 489p.
_c20 cms.
942 _2ddc
_cEN
_h330.0151
_mPRA
999 _c66206
_d66206